000 01009nam a2200205Ia 4500
001 851-ALI da* ROA gi (16863)
003 IT-MiSPE
008 171229s9999||||xx |||||||||||||| ||und||
040 _aIT-MiSPE
_cIT-MiSPE
041 _aITALIANO
100 _aGiovanni Roatta
245 0 _aLibero arbitrio, grazia, predestinazione
_bFondamento dottrinale unitario della Divina Commedia
250 _a1a ed. (v)
260 _aAlba (CN)
_bPia Società San Paolo
_c1947
300 _a238 p.
_c18 cm
501 _aEdizioni San Paolo srl - Piazza Soncino, 5 - 20092 CINISELLO BALSAMO (MI) (non commercial uses only) ® Copyright 2018
942 _cBK
957 _71
999 _a3246
_bNO
_g Copie: 1
_c354009
_d354009